000 00449nam a2200157 4500
001 121442
003 ES-MaACL
005 20230906191743.0
007 t|
008 070214s1971 sp r ||||1| spa d
100 1 _aPorcel, Baltasar.
_993114
245 1 4 _aLos chuetas mallorquines
_b: siete siglos de racismo /
_cBaltasar Porcel.
260 _aBarcelona :
_bBarral,
_c1971.
300 _a130 p. ;
_c18 cm.
852 _aES-MaACL
_jC-49670
_bR.76208
999 _c121442
_d121442